[Event "Sitges Sunway op-A 11th"]
[Site "Sitges"]
[Date "2024.12.20"]
[Round "8"]
[White "Patrascu, Catalin Lucian"]
[Black "Coles, Ruben"]
[Result "0-1"]
[WhiteElo "2299"]
[BlackElo "2155"]
[PlyCount "80"]
[EventDate "2024.12.12"]
[EventType "swiss"]
[EventRounds "10"]
[EventCountry "ESP"]
[SourceTitle "CB52_2024"]
[SourceDate "2024.12.25"]
[SourceVersion "1"]
[SourceVersionDate "2024.12.25"]
[SourceQuality "1"]

1. d4 d5 2. c4 e6 3. Nc3 a6 4. cxd5 exd5 5. Qc2 h6 6. Bf4 Nf6 7. e3 Bd6 8. Bxd6 Qxd6 9. Bd3 0-0 10. Nf3 Be6 11. 0-0 Nbd7 12. Rac1 c6 13. h3 Rfe8 14. Ne2 Nh5 15. Qc3 Nhf6 16. Ng3 Rac8 17. b4 b5 18. Ne5 Nb6 19. f4 Nc4 20. Bb1 Qc7 21. Qd3 Qd6 22. Qc3 Qc7 23. e4 dxe4 24. Nxe4 Nxe4 25. Bxe4 Bd5 26. Bb1 f6 27. Qd3 Kf8 28. Qh7 fxe5 29. fxe5+ Ke7 30. e6 Bxe6 31. Rce1 Qg3 32. Bg6 Kd6 33. Qxg7 Re7 34. Qf6 Rg8 35. d5 Rxg6 36. Rxe6+ Rxe6 37. Qd8+ Ke5 38. Rf2 cxd5 39. Qc7+ Kd4 40. Qc5+ Kc3 0-1

[Event "Sant Boi de Llobregat op 5th"]
[Site "Sant Boi de Llobregat"]
[Date "2024.12.03"]
[Round "5"]
[White "Alcala Gonzalez, Cesar"]
[Black "Coles, Ruben"]
[Result "0-1"]
[WhiteElo "2266"]
[BlackElo "2155"]
[PlyCount "140"]
[EventDate "2024.11.29"]
[EventType "swiss"]
[EventRounds "10"]
[EventCountry "ESP"]
[SourceTitle "CB50_2024"]
[SourceDate "2024.11.01"]
[SourceVersion "1"]
[SourceVersionDate "2024.11.01"]
[SourceQuality "2"]

1. d4 d5 2. c4 e6 3. Nc3 a6 4. cxd5 exd5 5. Nf3 h6 6. Bf4 Nf6 7. e3 Bd6 8. Be5 c6 9. Bd3 0-0 10. 0-0 Qe7 11. h3 Be6 12. Qb3 Nbd7 13. Bf4 Rab8 14. Qc2 Rfe8 15. Rfe1 Nf8 16. Bxd6 Qxd6 17. Rab1 N8d7 18. Nd2 c5 19. dxc5 Nxc5 20. b4 Ncd7 21. Nf3 b5 22. a4 bxa4 23. Qxa4 Rb6 24. Rb2 Reb8 25. Reb1 Ne5 26. Nxe5 Qxe5 27. Ne2 Bf5 28. Bxf5 Qxf5 29. Nd4 Qd7 30. Qa5 Qb7 31. Qa3 Ne4 32. Qd3 Qd7 33. Ne2 Qd6 34. Qd4 Qf6 35. f3 Qxd4 36. Nxd4 Nd6 37. Ra2 Nc4 38. Nf5 Re6 39. Kf2 g6 40. Nd4 Reb6 41. Re1 Rxb4 42. Nc6 Rb2+ 43. Re2 Rxe2+ 44. Rxe2 Rb7 45. Ra2 Kg7 46. Na5 Rb6 47. Nxc4 dxc4 48. Ke2 Rd6 49. Rc2 Rc6 50. Kd2 Kf6 51. Kc3 Ke6 52. Rd2 Rd6 53. Ra2 Rc6 54. Rd2 h5 55. h4 Rc5 56. Rd8 Rc6 57. Rd2 Kf6 58. e4 Ke6 59. Rd8 Rc7 60. Rd5 Rc6 61. g3 Rd6 62. Rg5 Rd3+ 63. Kxc4 Rxf3 64. Kd4 Ra3 65. Re5+ Kf6 66. Rg5 Kg7 67. e5 Ra4+ 68. Kc5 Rg4 69. Rxg4 hxg4 70. Kb6 Kf8 0-1

[Event "Sant Boi de Llobregat op 5th"]
[Site "Sant Boi de Llobregat"]
[Date "2024.11.30"]
[Round "2"]
[White "Coles, Ruben"]
[Black "Piccoli, Lucas Fonseca"]
[Result "0-1"]
[WhiteElo "2155"]
[BlackElo "2270"]
[PlyCount "117"]
[EventDate "2024.11.29"]
[EventType "swiss"]
[EventRounds "10"]
[EventCountry "ESP"]
[SourceTitle "CB50_2024"]
[SourceDate "2024.11.01"]
[SourceVersion "1"]
[SourceVersionDate "2024.11.01"]
[SourceQuality "2"]

1. e4 c6 2. d4 d5 3. e5 c5 4. Nf3 cxd4 5. Qxd4 Nc6 6. Qf4 e6 7. Bd3 Nb4 8. Bd2 Nxd3+ 9. cxd3 Ne7 10. Nc3 Bd7 11. h4 h5 12. 0-0 Nf5 13. Rfe1 Be7 14. Ng5 0-0 15. Qf3 g6 16. g3 Qb6 17. Rab1 Qa6 18. Bf4 Nd4 19. Qd1 Nb5 20. Qe2 Rac8 21. Rec1 Nxc3 22. bxc3 Bb5 23. Rd1 Rxc3 24. Qb2 Rxd3 25. Rxd3 Bxd3 26. Qxb7 Bc5 27. Qxa6 Bxa6 28. Rc1 Rc8 29. Be3 Bxe3 30. Rxc8+ Bxc8 31. fxe3 Kg7 32. Kf2 f6 33. Nf3 fxe5 34. Nxe5 Kf6 35. Nc6 Bd7 36. Nb4 Bb5 37. Kf3 a5 38. Nc2 Ba4 39. Ne1 e5 40. Ke2 Bb5+ 41. Kf2 Bc4 42. a3 Kf5 43. Nf3 Bd3 44. Ke1 Be4 45. Ng5 d4 46. Ke2 Bd5 47. exd4 exd4 48. Kd3 Ke5 49. Nh3 Bg2 50. Nf4 Bf1+ 51. Kd2 Kf5 52. Ke1 Bb5 53. Kd2 Bc6 54. Ke2 Be4 55. Nh3 Ke5 56. Nf4 Kd6 57. Kd2 Kc5 58. Kd1 Kc4 59. Kc1 0-1

[Event "Sant Boi de Llobregat op 5th"]
[Site "Sant Boi de Llobregat"]
[Date "2024.11.29"]
[Round "1"]
[White "Kekelidze, Mikheil"]
[Black "Coles, Ruben"]
[Result "1-0"]
[WhiteElo "2353"]
[BlackElo "2155"]
[PlyCount "105"]
[EventDate "2024.11.29"]
[EventType "swiss"]
[EventRounds "10"]
[EventCountry "ESP"]
[SourceTitle "CB50_2024"]
[SourceDate "2024.11.01"]
[SourceVersion "1"]
[SourceVersionDate "2024.11.01"]
[SourceQuality "2"]

1. d4 d5 2. c4 e6 3. Nf3 Nf6 4. e3 Be7 5. b3 0-0 6. Bd3 b6 7. 0-0 Bb7 8. Bb2 Nbd7 9. Nc3 Re8 10. Qe2 a6 11. Rfd1 Bd6 12. Rac1 Qe7 13. Rc2 Ne4 14. Na4 h6 15. Rdc1 dxc4 16. bxc4 c5 17. Ne5 Bxe5 18. dxe5 Bc6 19. Nc3 Nxc3 20. Bxc3 Rab8 21. Rb2 Red8 22. Rcb1 Rb7 23. f4 Rdb8 24. h3 Nf8 25. a4 Bxa4 26. Be4 b5 27. Ra2 Qd7 28. Ba5 b4 29. Bxb7 Rxb7 30. Rd2 Qc6 31. Qf3 Nd7 32. e4 Rb8 33. Rd6 Qb7 34. Rb2 Bc6 35. Qd1 Nf8 36. Rbd2 b3 37. Rb2 Nd7 38. Rd3 Ba4 39. Qe2 Nb6 40. Rg3 Qd7 41. Bc3 Rd8 42. Rb1 g6 43. Kh2 Kh7 44. Rf1 Nxc4 45. f5 g5 46. Rxg5 Nd2 47. Rf4 Rg8 48. Rxg8 Kxg8 49. Bxd2 b2 50. Rg4+ Kh7 51. Qe3 Qxd2 52. Qxd2 b1Q 53. f6 1-0

[Event "Biel HTO 57th"]
[Site "Biel"]
[Date "2024.07.23"]
[Round "8"]
[White "Coles, Ruben"]
[Black "Haimovich, Tal"]
[Result "0-1"]
[WhiteElo "2141"]
[BlackElo "2324"]
[PlyCount "80"]
[EventDate "2024.07.15"]
[EventType "swiss"]
[EventRounds "10"]
[EventCountry "SUI"]
[SourceTitle "CBM 221"]
[Source "ChessBase"]
[SourceDate "2024.08.31"]
[SourceVersion "1"]
[SourceVersionDate "2024.08.31"]
[SourceQuality "1"]

1. e4 Nc6 2. d4 d5 3. e5 Bf5 4. c3 e6 5. Nd2 f6 6. f4 Nge7 7. Ngf3 Ng6 8. Nb3 Be7 9. Bd3 Bxd3 10. Qxd3 0-0 11. 0-0 Qd7 12. Be3 Rf7 13. Rae1 Raf8 14. exf6 Rxf6 15. g3 Bd6 16. Ne5 Qe8 17. Nxc6 Qxc6 18. Nd2 Ne7 19. Nf3 Nf5 20. Bc1 Qe8 21. g4 Qg6 22. Ng5 h6 23. gxf5 Rxf5 24. Qe2 hxg5 25. fxg5 Rxf1+ 26. Rxf1 Rxf1+ 27. Kxf1 Qf5+ 28. Ke1 a6 29. Be3 Qe4 30. Bg1 Qb1+ 31. Kf2 Qf5+ 32. Ke1 Kf7 33. Be3 Qh3 34. Qf2+ Kg6 35. Bf4 Qf5 36. Bxd6 Qb1+ 37. Ke2 Qxb2+ 38. Kf3 Qxf2+ 39. Kxf2 cxd6 40. h4 Kf5 0-1

[Event "Biel HTO 57th"]
[Site "Biel"]
[Date "2024.07.20"]
[Round "6"]
[White "Coles, Ruben"]
[Black "Hornung, Hans"]
[Result "1-0"]
[WhiteElo "2141"]
[BlackElo "1977"]
[PlyCount "73"]
[EventDate "2024.07.15"]
[EventType "swiss"]
[EventRounds "10"]
[EventCountry "SUI"]
[SourceTitle "CBM 221"]
[Source "ChessBase"]
[SourceDate "2024.08.31"]
[SourceVersion "1"]
[SourceVersionDate "2024.08.31"]
[SourceQuality "1"]

1. e4 e5 2. Nf3 Nc6 3. Bb5 a6 4. Ba4 d6 5. 0-0 Bd7 6. c4 g6 7. d4 Bg7 8. Be3 Nf6 9. dxe5 dxe5 10. Nc3 0-0 11. Qe2 Nd4 12. Nxd4 Bxa4 13. Nf3 Bc6 14. Qc2 Re8 15. Nd5 Nxd5 16. cxd5 Bd7 17. Rfd1 Qc8 18. Nd2 Bf8 19. Nc4 Bb5 20. Rac1 Bxc4 21. Qxc4 Bd6 22. Bc5 Qd7 23. Qb3 Qb5 24. Bxd6 cxd6 25. Rc7 Qe2 26. Qf3 Qxf3 27. gxf3 Kf8 28. Rdc1 Rab8 29. Rd7 Red8 30. Rcc7 Rxd7 31. Rxd7 Ke8 32. Rxd6 Ke7 33. Rb6 Kd7 34. Kg2 Kc7 35. Rf6 Rf8 36. Kg3 a5 37. f4 1-0

[Event "Biel HTO 57th"]
[Site "Biel"]
[Date "2024.07.16"]
[Round "2"]
[White "Coles, Ruben"]
[Black "Tkhoruk, Roman"]
[Result "1/2-1/2"]
[WhiteElo "2141"]
[BlackElo "1965"]
[PlyCount "72"]
[EventDate "2024.07.15"]
[EventType "swiss"]
[EventRounds "10"]
[EventCountry "SUI"]
[SourceTitle "CBM 221"]
[Source "ChessBase"]
[SourceDate "2024.08.31"]
[SourceVersion "1"]
[SourceVersionDate "2024.08.31"]
[SourceQuality "1"]

1. e4 c6 2. d4 d5 3. e5 Bf5 4. h4 h5 5. Bd3 Bxd3 6. Qxd3 e6 7. Nf3 c5 8. dxc5 Nc6 9. 0-0 Bxc5 10. c4 Nge7 11. Nc3 Qd7 12. Rd1 Rd8 13. Bg5 0-0 14. cxd5 exd5 15. Bxe7 Nxe7 16. Ng5 Qf5 17. Qxf5 Nxf5 18. Nxd5 Nxh4 19. Rac1 Bb6 20. Ne7+ Kh8 21. g3 Rde8 22. Rd7 Ng6 23. Nxf7+ Rxf7 24. Nxg6+ Kg8 25. Rd6 Bxf2+ 26. Kg2 Bb6 27. Rc2 Bc7 28. Rd5 Kh7 29. Nf4 Bxe5 30. Nd3 Bb8 31. Rxh5+ Kg6 32. Rcc5 Re3 33. Rhg5+ Kh6 34. Rh5+ Kg6 35. Rhg5+ Kh6 36. Rh5+ Kg6 1/2-1/2

[Event "Biel HTO 57th"]
[Site "Biel"]
[Date "2024.07.15"]
[Round "1"]
[White "Bilguun, Sumiya"]
[Black "Coles, Ruben"]
[Result "1-0"]
[WhiteElo "2458"]
[BlackElo "2141"]
[PlyCount "121"]
[EventDate "2024.07.15"]
[EventType "swiss"]
[EventRounds "10"]
[EventCountry "SUI"]
[SourceTitle "CBM 221"]
[Source "ChessBase"]
[SourceDate "2024.08.31"]
[SourceVersion "1"]
[SourceVersionDate "2024.08.31"]
[SourceQuality "1"]

1. e4 e6 2. Qe2 c5 3. Nf3 Nc6 4. d3 g6 5. g3 Bg7 6. Bg2 Nge7 7. h4 h6 8. 0-0 0-0 9. c3 e5 10. a3 a5 11. a4 d5 12. Na3 Be6 13. exd5 Bxd5 14. Nc4 Bxc4 15. dxc4 Nf5 16. Nh2 Qe7 17. Ng4 h5 18. Ne3 Nxe3 19. Bxe3 e4 20. Bf4 f5 21. f3 Rae8 22. fxe4 fxe4 23. Rae1 Be5 24. Qxe4 Qg7 25. Qd5+ Kh7 26. Qxc5 Bxf4 27. Rxe8 Rxe8 28. Rxf4 Re1+ 29. Rf1 Re2 30. Rf2 Re1+ 31. Rf1 Re2 32. Bxc6 Qc7 33. Rf4 bxc6 34. Qf8 Qa7+ 35. c5 Re7 36. Kh2 Re2+ 37. Kg1 Re1+ 38. Kh2 Re2+ 39. Rf2 Qa6 40. Qf7+ Kh8 41. Qf3 Rxf2+ 42. Qxf2 Kg8 43. Qe1 Kf7 44. Qe4 Qb7 45. Qc4+ Kg7 46. Qd4+ Kh7 47. b4 Qe7 48. Qd2 Qe4 49. Qg2 Qc4 50. Qxc6 Qxc3 51. bxa5 Qc2+ 52. Qg2 Qxc5 53. a6 Kh6 54. Qb2 Kh7 55. Qb7+ Kh6 56. a7 Qf2+ 57. Kh3 Qf5+ 58. Kg2 Qc2+ 59. Kh1 Qd1+ 60. Kh2 Qe2+ 61. Qg2 1-0

[Event "Sitges Sunway op 10th"]
[Site "Sitges"]
[Date "2023.12.19"]
[Round "7"]
[White "Valenzuela Gomez, Fernando Alberto"]
[Black "Coles, Ruben"]
[Result "1/2-1/2"]
[WhiteElo "2383"]
[BlackElo "2183"]
[PlyCount "83"]
[EventDate "2023.12.12"]
[EventType "swiss"]
[EventRounds "10"]
[EventCountry "ESP"]
[SourceTitle "EXT 2025"]
[Source "ChessBase"]
[SourceDate "2024.10.14"]
[SourceVersion "1"]
[SourceVersionDate "2024.10.14"]
[SourceQuality "1"]

1. d4 d5 2. c4 e6 3. Nc3 Nf6 4. cxd5 exd5 5. Bg5 c6 6. e3 h6 7. Bh4 Be7 8. Bd3 0-0 9. Nge2 Re8 10. 0-0 Nbd7 11. Qc2 Ne4 12. Bxe7 Qxe7 13. Bxe4 dxe4 14. Rfd1 Nf6 15. h3 Bd7 16. Rd2 Rad8 17. Rad1 Bc8 18. Qa4 a6 19. d5 cxd5 20. Nxd5 Nxd5 21. Rxd5 Be6 22. Rxd8 Rxd8 23. Nc3 Rxd1+ 24. Qxd1 Qb4 25. Qc2 f5 26. b3 Qd6 27. Ne2 Kh7 28. h4 Bf7 29. Nd4 Qf6 30. Qc8 f4 31. Qxb7 fxe3 32. fxe3 Bg6 33. h5 Bxh5 34. Qxe4+ Bg6 35. Qf4 Qe7 36. Kh2 Bb1 37. a4 Qe8 38. Kg1 Qg6 39. Qf2 Bc2 40. Kf1 Qg4 41. Nf3 Qc8 42. Kg1 1/2-1/2

[Event "Liffre op"]
[Site "Liffre"]
[Date "2023.10.21"]
[Round "1"]
[White "Coles, Ruben"]
[Black "Nikolov, Momchil"]
[Result "0-1"]
[WhiteElo "2184"]
[BlackElo "2465"]
[PlyCount "88"]
[EventDate "2023.10.21"]
[EventType "swiss"]
[EventRounds "9"]
[EventCountry "FRA"]
[SourceTitle "EXT 2025"]
[Source "ChessBase"]
[SourceDate "2024.10.14"]
[SourceVersion "1"]
[SourceVersionDate "2024.10.14"]
[SourceQuality "1"]

1. e4 c5 2. Nf3 e6 3. b3 b6 4. d4 cxd4 5. Nxd4 Bb7 6. Nd2 Nf6 7. Bd3 Na6 8. Bb2 Nc5 9. Qe2 Be7 10. 0-0-0 0-0 11. Rhe1 Rc8 12. Kb1 Nxd3 13. Qxd3 a6 14. g4 d5 15. e5 Ne4 16. Nxe4 dxe4 17. Qg3 Bh4 18. Qf4 Qe7 19. c4 f6 20. Re2 Rcd8 21. Rde1 Rd7 22. exf6 Bxf6 23. Rxe4 Bxd4 24. Rxe6 Rxf4 25. Rxe7 Rxe7 26. Rxe7 Be4+ 27. Kc1 Bxb2+ 28. Kxb2 Rxf2+ 29. Kc3 Bg6 30. Re6 Rf6 31. Re7 Rf2 32. Re6 Rxh2 33. Rxb6 Rxa2 34. c5 Kf7 35. Kb4 Bd3 36. c6 Rc2 37. Rb7+ Ke6 38. Rd7 Bg6 39. Rxg7 Rxc6 40. Ka5 Ke5 41. Rd7 Rd6 42. Rc7 Bd3 43. Rg7 Kf4 44. b4 Bg6 0-1